Electric transmission and distribution / (Record no. 180754)
[ view plain ]
| 000 -LEADER | |
|---|---|
| fixed length control field | 01122 a2200229 4500 |
| 003 - CONTROL NUMBER IDENTIFIER | |
| control field | Nust |
| 005 - DATE AND TIME OF LATEST TRANSACTION | |
| control field | 20170207153156.0 |
| 010 ## - LIBRARY OF CONGRESS CONTROL NUMBER | |
| LC control number | 80016027 |
| 020 ## - INTERNATIONAL STANDARD BOOK NUMBER | |
| International Standard Book Number | 070579253 |
| 040 ## - CATALOGING SOURCE | |
| Transcribing agency | Nust |
| 082 00 - DEWEY DECIMAL CLASSIFICATION NUMBER | |
| Classification number | 621.319 |
| 100 1# - MAIN ENTRY--PERSONAL NAME | |
| Personal name | Skrotzki, Bernhardt G. A., |
| 245 10 - TITLE STATEMENT | |
| Title | Electric transmission and distribution / |
| Statement of responsibility, etc. | Bernhardt G. A. Skrotzki, editor ; contributors, E. M. Adkins, F. S. Benson, E. L. Michelson. |
| 260 ## - PUBLICATION, DISTRIBUTION, ETC. | |
| Place of publication, distribution, etc. | Huntington, N.Y. : |
| Name of publisher, distributor, etc. | R. E. Krieger Pub. Co., |
| Date of publication, distribution, etc. | 1980, c1954. |
| 300 ## - PHYSICAL DESCRIPTION | |
| Extent | ix, 448 p. : |
| Other physical details | ill. ; |
| Dimensions | 24 cm. |
| 500 ## - GENERAL NOTE | |
| General note | Electrical Theory (Page-1), Transmission Terminal Facilities (Page-86), Transmission Lines (Page-130), Distributions Systems Mechanical Arrangements (Page-184), Distributions Systems (Page-243), Distributions Systems Capacitors and Transformers (Page-294), Distributions Systems Protection (Page-337), Street Lighting (Page-377), Planning and Load Characteristics (Page-389), Auxiliaries (Page-411), |
| 538 ## - SYSTEM DETAILS NOTE | |
| System details note | Almirah No.31 Shelf No.3 |
| 650 #0 - SUBJECT ADDED ENTRY--TOPICAL TERM | |
| Topical term or geographic name entry element | Electric power distribution. |
| 700 1# - ADDED ENTRY--PERSONAL NAME | |
| Personal name | Adkins, E. M. |
| 700 1# - ADDED ENTRY--PERSONAL NAME | |
| Personal name | Benson, Francis Schaar, |
| Dates associated with a name | 1895- |
| 700 1# - ADDED ENTRY--PERSONAL NAME | |
| Personal name | Michelson, E. L. |
| 942 ## - ADDED ENTRY ELEMENTS (KOHA) | |
| Source of classification or shelving scheme | |
| Koha item type | Book |
| Withdrawn status | Lost status | Source of classification or shelving scheme | Damaged status | Not for loan | Collection code | Permanent Location | Current Location | Date acquired | Total Checkouts | Full call number | Barcode | Date last seen | Price effective from | Koha item type |
|---|---|---|---|---|---|---|---|---|---|---|---|---|---|---|
| Military College of Signals (MCS) | Military College of Signals (MCS) | 12/12/2016 | 621.319 SKR | MCS5488 | 12/08/2016 | 12/12/2016 | Book |
